• 首页
  • 本馆介绍
  • 公告通知
  • 最新文献
  • 馆藏检索
  • 电子资源
  • 读者导购
  • 参考咨询
  • 我的图书馆
  • 登录
  • 详细信息显示
  • 放入我的书架
  • 预约/预借图书
  • 作者相关作品
  • 分类相关作品
  • 丛书相关作品
  • 出版社相关作品

书目信息

  • 表格格式
  • 工作单格式
  • 卡片格式
题名:
土壤普查鉴定与土壤分类制图问题
    
 
作者: ;农业部全国土壤普查办公室 编
分册:  
出版信息: 北京   农业出版社  1959
页数: 666页
开本: 21cm
丛书名:
单 册:
中图分类: S159-3
科图分类:
主题词: 土壤普查--文集 , 土壤分类--土壤制图
电子资源:
ISBN: 16144.806
000 00851cam0 2200253 450
001 0105455720
005 20080103142554.0
010    @a16144.806@dCNY2.45
091    @a16144.806@dCNY2.45
100    @a19960423d1959 em y0chiy0110 ea
101 0  @achi
102    @aCN@b110000
105    @af z 100yy
106    @ar
200 1  @a土壤普查鉴定与土壤分类制图问题@9Tu Rang Pu Cha;Zha Jian Ding Yu Tu Rang Fen Lei Zhi Tu Wen Ti @f农业部全国土壤普查办公室编@b专著
210    @a北京@c农业出版社@d1959
215    @a666页@c图表@d21cm
300    @a全国土壤普查鉴定深耕改良土壤学术会议文件选辑 上辑
606 0  @a土壤普查@x文集
606 0  @a土壤分类@x土壤制图
690    @aS159-3@v3
711 02 @a农业部全国土壤普查办公室@9nong ye bu quan guo tu rang pu cha ban gong shi@4编
801  0 @aCN@b上海图书馆@c19970403
905    @aBZT@dS159@e160@f1@sS159/160
    
    土壤普查鉴定与土壤分类制图问题/农业部全国土壤普查办公室编.-北京:农业出版社,1959
    666页:图表;21cm
    全国土壤普查鉴定深耕改良土壤学术会议文件选辑 上辑
    
    ISBN 16144.806:CNY2.45
    
●
相关链接 在五车中查询图书 在当当中查询图书 在豆瓣中查询图书


正题名:土壤普查鉴定与土壤分类制图问题     索取号:S159/160         预约/预借

序号 登录号 条形码 馆藏地/架位号 状态 备注
1 2000098333   2000098333   旧书回溯/ [索取号:S159/160] 在馆    
山东省滨州职业学院图书馆 欢迎您!
大连网信软件有限公司© 版权所有